[Event "Politiken Cup 30th"]
[Site "Helsingor"]
[Date "2008.07.19"]
[Round "1"]
[White "Nielsen, Karl Christian"]
[Black "Rabus, Berthold"]
[Result "0-1"]
[WhiteElo "1829"]
[BlackElo "2198"]
[PlyCount "72"]
[EventDate "2008.07.19"]
[EventType "swiss"]
[EventRounds "10"]
[EventCountry "DEN"]
[SourceTitle "CBM 125 Extra"]
[Source "ChessBase"]
[SourceDate "2008.09.01"]
[SourceVersion "1"]
[SourceVersionDate "2008.09.01"]
[SourceQuality "1"]

1. e4 c5 2. Nf3 d6 3. d4 cxd4 4. Nxd4 Nf6 5. Nc3 a6 6. Bd3 e6 7. 0-0 Be7 8. Qe2 Qc7 9. a3 b5 10. Be3 Bb7 11. Rad1 Nbd7 12. f4 0-0 13. Nf3 e5 14. fxe5 dxe5 15. h3 Bxa3 16. Nxb5 axb5 17. bxa3 Rxa3 18. Bxb5 Bxe4 19. Bxd7 Nxd7 20. Rxd7 Qxd7 21. Nxe5 Qd5 22. Bf4 Qd4+ 23. Kh2 Bg6 24. Nxg6 hxg6 25. Qe7 Ra6 26. Qe2 Re6 27. Qb5 Qe4 28. Qd3 Qxd3 29. cxd3 Rd8 30. Rf3 Rd7 31. Rg3 Re1 32. Bb8 Rd1 33. d4 R1xd4 34. Re3 g5 35. Re8+ Kh7 36. Be5 Re4 0-1